00523nam a22001697a 450000500170000001000150001702000260003203500130005803700130007108200110008410000270009524500770012226000480019927000540024730000330030150000190033420130913143329.0 aENG-108158 a9781107617100c295.00 aEN-91691 bDBAD/PUB a511.43 aBerendsen, Herman J.C.10aA student's guide to data and error analysis /cby Herman J.C. Berendsen aNew DelhibCambridge University Pressc2011 a4381/4, Ansari Road, DaryaganjbNew Delhie110002 axii,225p. :c22cm(pbk)bill. aIncludes index